[Event "FIDE-Wch k.o."]
[Site "Moscow"]
[Date "2001.11.28"]
[Round "1.2"]
[White "Rogozenco, Dorian"]
[Black "Gurevich, Mikhail"]
[Result "1/2-1/2"]
[WhiteElo "2536"]
[BlackElo "2605"]
[Annotator "Rogozenco,D"]
[PlyCount "71"]
[EventDate "2001.11.27"]
[EventType "k.o."]
[EventRounds "7"]
[EventCountry "RUS"]
[SourceTitle "CBM 086"]
[Source "ChessBase"]
[SourceDate "2002.02.05"]
[SourceVersion "1"]
[SourceVersionDate "2002.02.05"]
[SourceQuality "1"]

1. d4 d5 2. c4 c6 3. Nf3 Nf6 4. Nc3 e6 5. Bg5 Nbd7 6. e3 Qa5 7. cxd5 Nxd5 8.
Qd2 Bb4 9. Rc1 c5 10. a3 Bxc3 11. bxc3 b6 (11... Qxa3 12. e4 N5f6 13. Bd3 $44)
12. Bd3 h6 13. Bh4 Ba6 (13... Bb7 14. e4 N5f6 {leads to the game Kramnik,
V-Ivanchuk,V/Novgorod 1995, which ended in a draw after:} 15. d5 c4 16. dxe6
cxd3 17. exd7+ Nxd7 18. Qxd3 g5 19. Bg3 Nc5 20. Qd6 {This final position is
very sharp and complicated, but probably Black has at least equal chances.})
14. O-O cxd4 $146 {After this novelty we reach a complicated position with
mutual chances by force.} (14... Bxd3 15. Qxd3 cxd4 16. cxd4 O-O 17. e4 N5f6
18. Rc2 $6 Rac8 19. Rfc1 Rxc2 20. Rxc2 Rd8 21. Bxf6 Nxf6 22. h3 b5 23. Rc5 {
1/2-1/2 Khalifman,A-Jussupow,A/Istanbul (ol.) 2000}) 15. Bxa6 Qxa6 16. Qxd4 (
16. cxd4 {brings nothing:} O-O (16... Qxa3 17. e4 $44) 17. e4 N5f6 18. Qe3 Rac8
$11) 16... O-O ({Bad is} 16... N5f6 $2 17. Ne5 (17. e4 Qxa3 18. e5 $44) (17.
Qd6 $5) 17... Nxe5 18. Qxe5 $16) 17. e4 Nf4 (17... N5f6 $2 18. e5 Nd5 19. c4
$18) 18. Qxd7 Ne2+ 19. Kh1 Nxc1 20. Rxc1 Qxa3 {White should probably be better,
the problem is that Black has a much easier plan and in a game with short time
control this can be decissive.} 21. Qd2 {The only way to defend both the rook
and the pawn c3.} Rac8 22. Nd4 Qd6 $1 {Defending against Nb5. Of course if
White will play Nb5-d6, followed by e4-e5, then the advantage will be obvious.}
(22... Rc4 23. Nb5 $16) 23. Qe3 $6 {A serious innacuracy.} (23. f4 e5 {This
was the main reason why I thought the advance f4 is too early. If Black
doesn't play it, then after e4-e5 White will be better - with pawns on e5 and
f4 I will always have Qg3 and Bf6 ideas for instance, or even Re1-e3-g3.} 24.
fxe5 Qxe5 25. Nf5 $1 {and Black must let my knight to d6. After} Kh7 26. Nd6
Rc6 27. Bg3 Qg5 28. Bf4 {White is slightly better. If comparing to the game,
there is a huge difference - here Black cannot create pressure along the
c-file and also the advance of queenside pawns looks less dangerous now.})
23... Rc4 $1 (23... Qc5 {I considered only this move.} 24. f4 e5 25. fxe5 Qxe5
26. Nf3 {With a complicated position, in which I would prefer White.}) 24. f3 {
Of course I realised that by playing f3 I give up my active plans. The problem
is that after Black's precise moves I have no enought time to organize any
activity - must think about protection of c3 and e4-pawns.} (24. e5 Qc5 25. f4
Rc8 26. Be1 {doesn't work:} Rxd4 27. cxd4 Qxc1) 24... Rfc8 25. Ne2 (25. Be1
$142 Qc5 26. Rb1 {slows down the advance of black pawns. The position is
probably balanced, although from the practical point of view is easier to play
with Black here.}) 25... b5 $5 {A total surprise and an unpleasant move in
time trouble.} (25... a5 26. Rb1 $13) 26. Rb1 $6 (26. Qxa7 $1 b4 (26... Qd2 27.
Re1 $1 {This simple move I missed during the game. Suddenly everything is
defended.} (27. Qf2 $2 b4 28. Qe1 Qb2 $1 (28... bxc3 29. Rxc3 Qxc3 30. Nxc3
Rxc3 31. Qe2 (31. Qf1 Rc1 32. Be1 R8c2 {Amazing position. Black is of course
out of problems and White must find ways to keep the balance.}) 31... Rc1+ 32.
Be1 R8c2 {with a draw.}) 29. Rb1 bxc3 $1 30. Rxb2 cxb2 $19)) (26... Qd3 27. Re1
$1) 27. Qe3 $1 (27. Be1 Qd3 28. Qa2 b3 29. Qb2 Ra4 $36) 27... e5 {Black
increased at maximum the pressure on the c-file and White must always consider
the further advance b4-b3. Still now Black has some risks too (for instance to
play four pawns versus four on the same wing and rook versus two pieces, quite
an unpleasant task.}) (26. Ra1 Ra4 27. Rxa4 bxa4 28. Qxa7 Qd1+ 29. Ng1 Rxc3 {
It is clear that only Black plays for win here.}) 26... a5 $1 27. Rxb5 {
Can't wait any longer.} Qd1+ 28. Ng1 Rxc3 29. Qf4 Rc2 (29... g5 {makes the
draw immediately:} 30. Rxg5+ hxg5 31. Qxg5+) ({On the other hand innacurate is
} 29... Rc1 $6 30. Bf2 R1c2 31. Rb7 Rf8 32. Qg3 a4 33. Ra7 $14) 30. Rb7 (30.
Rxa5 $2 Qf1 31. Qg3 Rd2 $19 32. Bf6 Qxg1+ 33. Kxg1 Rc1+) 30... Rf8 31. Qg4 Qd4
$1 $17 {Again a precise move. The threat Rc1 forces me to come back.} 32. Rb1
Rfc8 33. e5 {I didn't see anything better to stop Rc1.} Qxe5 34. Bg3 Qd5 35.
Bf4 Kh7 36. Be3 {Having no hopes for counterplay, in time trouble I offered a
draw. After playing so many precise moves I could hardly expect a blunder from
my opponent.} (36. Be3 R8c4 {Black is much better, but Mikhail decided that a
draw would be enough. The overall score was 1,5-0,5 for Gurevich.}) 1/2-1/2

[Event "WchT 6th"]
[Site "Beersheba"]
[Date "2005.11.10"]
[Round "9.3"]
[White "Roiz, Michael"]
[Black "Kaidanov, Gregory S"]
[Result "1/2-1/2"]
[WhiteElo "2600"]
[BlackElo "2608"]
[Annotator "Roiz,M"]
[PlyCount "37"]
[EventDate "2005.11.01"]
[EventType "team-tourn"]
[EventRounds "9"]
[EventCountry "ISR"]
[SourceTitle "CBM 110"]
[Source "ChessBase"]
[SourceDate "2006.01.31"]
[SourceVersion "1"]
[SourceVersionDate "2006.01.31"]
[SourceQuality "1"]
[WhiteTeam "Israel"]
[BlackTeam "US of America"]
[WhiteTeamCountry "ISR"]
[BlackTeamCountry "USA"]

1. d4 d5 2. Nf3 Nf6 3. c4 e6 4. Nc3 c6 5. Bg5 Nbd7 {This was a real surprize
for me, as Gregory has never played it before.} 6. e3 Qa5 7. cxd5 {I believe
this is the most ambitious move.} ({Another common line here is:} 7. Nd2 Bb4 8.
Qc2 O-O 9. Be2 c5) 7... Nxd5 8. Qd2 Bb4 9. Rc1 b6 $5 {[%cal Gc6c5,Gc8a6] Black
is not hurrying with h7-h6. In my opinion, this move order is better, since in
the endgame white should deliver his bishop to f2 anyway. As I have discovered,
this move was played only once before, but after 9...c5 10.a3 Bxc3 11.bxc3
black usually plays 11...b6 anyway, so this is only another order of moves.} (
9... h6 10. Bh4 c5 11. a3 Bxc3 12. bxc3 b6 13. c4 Qxd2+ 14. Nxd2 Ne7 15. f3 Ba6
16. Be2 Rc8 17. O-O Nf5 18. Bf2 Ke7 19. Rfe1 g5 20. Bf1 $14 {-->see comments
to 1-0 Grischuk,A-Dreev,A/Poikovsky RUS 2005 (35) [Erenburg]}) 10. a3 {The
most ambitious move - white forces black to give up his bishop immediately.} ({
The alternative here is:} 10. Bd3 c5 11. O-O cxd4 12. exd4 Bb7 {-->see
comments to 1-0 Krasenkow,M-Jussupow,A/ Julian Borowski-A 4th 2002 [Tsesarsky]}
) 10... Bxc3 11. bxc3 c5 {In my opinion, it's important to push white's bishop
away from h4 at an early stage.} 12. c4 ({Now} 12. Bd3 h6 $1 13. Bh4 Ba6 14.
O-O cxd4 ({possible is also:} 14... N5f6 15. e4 Bxd3 16. Qxd3 cxd4 17. cxd4 O-O
18. Rc2 Rac8 19. Rfc1 Rxc2 20. Rxc2 Rd8 21. Bxf6 Nxf6 $11 {1/2-1/2 Khalifman,
A-Jussupow,A/Istanbul TUR 2000 (23) (22)}) 15. Bxa6 Qxa6 16. Qxd4 (16. cxd4 O-O
17. e4 N5f6 $11) 16... O-O 17. e4 Nf4 18. Qxd7 Ne2+ 19. Kh1 Nxc1 20. Rxc1 Qxa3
{leads to a well known theoretical position,where black should be O.K.}) 12...
Qxd2+ 13. Nxd2 N5f6 {This version of the endgame is better for black,
comparing with Grischuk-Dreev, since the Bg5 cannot be quickly delivered to f2.
} ({Here dubious would be:} 13... Ne7 {in view of:} 14. Ne4 $1 f6 15. Nd6+ Kf8
16. Bh4 $36 {and the statement of Nd6 is very unpleasant for black.}) 14. Be2
$146 {It's not easy to say which spot is the best for the bishop, but here the
bishop can be protected more easily.} (14. Bd3 Bb7 15. f3 h6 16. Bh4 O-O 17.
Nb3 cxd4 18. exd4 e5 19. d5 e4 20. fxe4 Nxe4 21. O-O Nec5 22. Nxc5 Nxc5 23. Bf5
Rfe8 24. Rfe1 g6 25. Bc2 Ba6 $11 {1/2-1/2 Marzolo,C-Laketic,G/Novi Sad 2003/
CBM 92 ext (27)}) 14... Bb7 (14... Ba6 $5) 15. O-O ({Maybe more chances of
getting an advantage would give:} 15. f3 $5 O-O 16. Kf2 Rac8 17. Rc3 {but I
wanted to keep the f2-square for the bishop anyway.}) 15... O-O 16. Rfd1 ({
After} 16. f3 Rac8 17. Bh4 Rfe8 $132 {black is prepared well for any active
operation in centre.}) 16... Rac8 17. f3 {[%csl Re4][%cal Yf3e4] I have to
make this move anyway in order to restrict the mobility of Bb7 and Nf6.} Rfe8
$1 {A useful move which may make the typical e6-e5 breakthrough more powerful.}
18. Kf1 ({Premature is:} 18. Nb3 Bc6 {[%cal Gc6a4] and the bishop will disturb
white's pieces.}) ({But deserved a serious attention} 18. Bh4 $5 {improving
the statement of the dark-squared bishop} Ba6 (18... cxd4 $6 19. exd4 e5 20. d5
e4 21. fxe4 Nxe4 22. Bg4 $36) 19. Bf1 {In this position black has no clear
plan of active play, so maybe white's chances are a bit better due to his pair
of bishops.}) 18... Ba6 19. Nb3 {Here Gregory accepted my draw proposal.} ({
A complicated endgame would arise after:} 19. d5 $5 exd5 20. cxd5 Bxe2+ 21.
Kxe2 h6 (21... Nxd5 22. Nc4 $16) (21... b5) (21... Re5 22. Bxf6 Nxf6 23. d6 Rd8
24. Nc4 Re6 25. a4) 22. Bxf6 Nxf6 23. Nc4 Rcd8 24. d6 $13) ({or} 19. a4 cxd4
20. exd4 e5 21. d5 e4 $132) ({At the same time, the arising position after} 19.
Nb3 {is absolutely equal. The following variations prove that:} cxd4 20. exd4 (
20. Nxd4 Rc5 21. Bxf6 Nxf6 22. Nb3 Rc7 23. c5 Bxe2+ 24. Kxe2 bxc5 25. Rxc5 Rxc5
26. Nxc5 $11) (20. Rxd4 Nc5 21. Nxc5 Rxc5 22. Bxf6 gxf6 23. Rd7 $11) 20... Rc6
$11 {[%cal Ge8c8] and the pressure along the c-file doesn't allow white to
make any progress.}) 1/2-1/2

[Event "RUS-ch (Women) 65th"]
[Site "Chita"]
[Date "2015.08.17"]
[Round "8"]
[White "Goryachkina, Aleksandra"]
[Black "Nechaeva, Marina"]
[Result "1-0"]
[WhiteElo "2474"]
[BlackElo "2431"]
[Annotator "Sagar Shah"]
[PlyCount "81"]
[EventDate "2015.08.09"]
[EventType "tourn"]
[EventRounds "11"]
[EventCountry "RUS"]
[EventCategory "9"]
[SourceTitle "EXT 2016"]
[Source "ChessBase"]
[SourceDate "2015.10.08"]
[SourceVersion "1"]
[SourceVersionDate "2015.10.08"]
[SourceQuality "1"]

{With this win Goryachkina is the sole leader of the women section by half a
point.} 1. d4 d5 2. c4 c6 3. Nf3 Nf6 4. Nc3 e6 5. Bg5 Nbd7 6. e3 Qa5 7. Nd2 Bb4
8. Qc2 O-O 9. Be2 c5 10. Bf4 cxd4 11. exd4 Bxc3 12. bxc3 Re8 13. O-O e5 14. Be3
Qc7 15. a4 exd4 16. cxd4 dxc4 17. Qxc4 Qxc4 18. Nxc4 Nd5 19. a5 N7f6 20. Rfc1
h6 {Diagram [#] We join this position after move 20 when Goryachkina has a
clear edge out of the opening. Lead in development is the main reason. Her
only problem is the IQP and the black knights blockading on the d5 square.} 21.
Nd6 (21. Rab1 $1 {was a better way to take advantage of White's lead in
development.} Re7 22. Nd6 Bg4 23. Bxg4 Nxg4 24. Rxb7 Rxb7 25. Nxb7 Ndxe3 26.
fxe3 Nxe3 27. Kf2 Nd5 28. Rc5 $14 {Even though a lot of pieces have been
exchanged, White retains an edge because of his active pieces.}) 21... Rd8 22.
Nxc8 Raxc8 23. Bf3 b5 $1 {A nice little move which sets the black majority on
the queenside into motion.} 24. Kf1 (24. axb6 axb6 25. Rxc8 Rxc8 26. Kf1 $14)
24... Kf8 25. Bd2 Ke7 26. Rc5 Rxc5 27. dxc5 Kd7 28. h4 $5 {A typical
Goryachkina move. She likes to think long term and make such moves which show
her technique. Here it seems a little bit out of place because Black has loads
of counterplay on the other wing. Yet in some endgames h4-h5 can make g7 into
a weakness and g4 followed by g5 can kick away the knight from f6.} Re8 (28...
Kc6 29. Rd1 (29. Rc1 Re8 $1) 29... Kxc5 30. Bc3 Rd7 31. Bd4+ Kb4 $132) 29. Rd1
Kc6 30. Bc3 Rd8 31. g4 $1 {These pins are quite irriating and now the move g5
is threatened.} Ne8 32. Be5 Kxc5 (32... Rd7 33. a6 $16) 33. Bd4+ $1 {Black
loses a key pawn on a7.} Kb4 34. Bxa7 Rd7 35. Bd4 Kb3 (35... Kxa5 36. Bxd5 Rxd5
37. Bc3+ $18) 36. a6 f6 37. a7 Nec7 38. Bc5 Kc4 39. Rc1+ Kb3 40. Bd4 Rd8 41.
Rc5 {Everything is overloaded at Black's end! A fine win for the young girl
who seems all set to become the Russian Champion!} 1-0

[Event "EU-ch 12th"]
[Site "Aix les Bains"]
[Date "2011.03.23"]
[Round "2"]
[White "Vuckovic, Bojan"]
[Black "Flear, Glenn C"]
[Result "1-0"]
[WhiteElo "2626"]
[BlackElo "2498"]
[Annotator "Schandorff,L"]
[PlyCount "81"]
[EventDate "2011.03.22"]
[EventType "swiss"]
[EventRounds "11"]
[EventCountry "FRA"]
[SourceTitle "CBM 142 Extra"]
[Source "ChessBase"]
[SourceDate "2011.06.27"]
[SourceVersion "1"]
[SourceVersionDate "2011.06.27"]
[SourceQuality "1"]
[TimeControl "40/5400+30:1800+30"]

1. d4 d5 2. c4 c6 3. Nf3 Nf6 4. Nc3 e6 5. Bg5 Nbd7 6. e3 Qa5 7. cxd5 Nxd5 8.
Qd2 N7b6 9. Bd3 Nxc3 10. bxc3 Nd5 11. O-O Qxc3 12. Qe2 Bd6 13. Nd2 {Activating
the knight. It heads for e4 or c4.'} Qa5 14. Nc4 Qc7 15. Nxd6+ Qxd6 16. Bh4 {
'The bishop goes to g3 from where it controls a long diagonal and exerts
pressure on Black's queenside.'} O-O 17. Rac1 (17. Bg3 {(Schandorff, Lars)
first is more normal, but probably it just leads to a transposition of moves.})
17... b6 18. Bg3 Qd7 19. Rfd1 {White centralises the rooks. We can already see
the pattern of the opening. For the pawn White will have a long-term
initiative. He has the bishop pair - especially the dark-squared one is strong
because it cannot be opposed - and a dynamic pawn centre - the move e3-e4 is
in the air. Black has trouble creating any counterplay at all.'} Bb7 (19... f5
20. e4 $1 Ne7 21. Be5 $14 {With a nice bishop} Bb7 22. Rc3 {Already White is
looking for a chance to launch a direct attack} Rad8 23. Bc2 fxe4 24. Ra3 a5
25. Rb3 b5 26. Bxe4 Nf5 27. Rc3 h6 28. f4 a4 29. g4 $1 {Here it comes} Ne7 30.
g5 Nf5 31. gxh6 Nxh6 32. Rg3 Rf7 33. Qh5 Nf5 34. Rdd3 {[%emt 0:33:28] 1-0
Mehlhorn,U (2183)-Drosson,F (2030)/GER email 2003/Corr}) 20. e4 $146 ({RR} 20.
Bb1 Rac8 21. Qd3 f5 22. e4 Ne7 23. f3 Ng6 24. Qb3 Kh8 25. a4 Ba6 26. a5 Bb5 27.
axb6 axb6 28. Bf2 Nf4 29. Kh1 Ne2 30. Rc2 c5 31. Rb2 Ba4 32. Qd3 Bxd1 33. Qxd1
Nc3 {0-1 Therrien,A (2246)-Flear,G (2508)/Sunningdale 2008/ EXT 2009 (33)})
20... Ne7 {90 Les Noirs avaient joué а tempo!} 21. Bc4 $14 {[%csl Rb7][%cal
Gd4d5,Gd1d7] 90  White has a lot of space for the pawn.'} Kh8 {[%emt 0:01:21]}
(21... Rfd8 22. h4 {Vuckovic}) 22. h4 $5 {[%emt 0:01:27]} f5 $6 {[%emt 0:01:14]
Black wants to be active himself, but this merely weakens his position.'} 23.
h5 {[%emt 0:01:25]} f4 {[%emt 0:01:10]} 24. Bh4 f3 25. gxf3 {[%emt 0:01:05]}
Ng8 {[%emt 0:00:56]} 26. Bg3 $16 {[%emt 0:01:02]} Qe8 {[%emt 0:00:50]} (26...
h6) (26... Rf6 27. Be5 Rh6 28. Kg2 Nf6 29. Rh1 Qf7 30. Qe3 Re8 31. Rh3 Rxh5 32.
Rxh5 Qxh5 33. Rh1 Qg6+ 34. Kf1 $13 {Vukovic inf 111}) 27. Kg2 $1 {[%cal Gd1h1]
58} Rd8 {[%emt 0:00:41]} (27... Nf6 28. h6 $40) (27... Qxh5 28. Bxe6) 28. Qe3 {
[%emt 0:00:52]} h6 {[%emt 0:00:30]} 29. Rh1 Qf7 30. Be5 {[%emt 0:00:38] Nice
bishop again. Of course if Black plays f5 he loses control over e5. Obviously
this is a dream square for the bishop.} Nf6 {[%emt 0:00:17]} 31. Rh3 Kh7 32.
Rch1 {[%emt 0:00:36]} Nd7 {[%emt 0:00:05]} 33. Bd6 $36 {[%csl Gc4,Gd6]} Rfe8
34. Rg3 c5 35. dxc5 {[%emt 0:00:26]} Nxc5 {[%emt 0:00:01]} 36. Be5 {Back again.
The threats against g7 will quickly decide matters.} Rg8 37. Rg6 Rde8 38. Rh3
Nd7 39. Bxg7 Qxg7 (39... Rxg7 40. Qxh6+ Kg8 41. Rhg3) 40. Rxg7+ Rxg7+ 41. Rg3
1-0

[Event "Teheran FIDE GP (Women)"]
[Site "Teheran"]
[Date "2016.02.23"]
[Round "11"]
[White "Khademalsharieh, Sarasadat"]
[Black "Zhukova, Natalia"]
[Result "0-1"]
[WhiteElo "2403"]
[BlackElo "2484"]
[Annotator "Schulz,Andre"]
[PlyCount "148"]
[EventDate "2016.02.11"]
[EventType "tourn"]
[EventRounds "11"]
[EventCountry "IRI"]
[EventCategory "11"]
[SourceTitle "CBM 171"]
[Source "ChessBase"]
[SourceDate "2016.03.14"]
[SourceVersion "2"]
[SourceVersionDate "2016.03.14"]
[SourceQuality "1"]

1. d4 Nf6 2. c4 e6 3. Nf3 d5 4. Nc3 c6 5. Bg5 Nbd7 6. e3 Qa5 7. Nd2 Bb4 8. Qc2
O-O 9. a3 dxc4 10. Bxf6 Nxf6 11. Nxc4 Bxc3+ 12. Qxc3 Qxc3+ 13. bxc3 c5 14. Bd3
Bd7 15. Ne5 Ba4 16. Rb1 Rab8 17. Kd2 Rfc8 18. Rb2 Rc7 19. f3 b6 20. Rhb1 Rbc8
21. Ba6 cxd4 22. exd4 Rd8 23. Rb4 Be8 24. Rc4 Nd5 25. Rxc7 Nxc7 26. Bd3 (26.
Bc4 $5) 26... f6 27. Ng4 e5 {Damit vereinzelt Schwarz den weißen d-Bauern,
der fortan zur Schwäche neigt.} 28. Bc4+ Kf8 29. Ke3 Bg6 30. Rb2 exd4+ 31.
cxd4 Ne8 32. d5 Nd6 33. Bd3 h5 34. Nf2 (34. Bxg6 $2 Nc4+) 34... Bf7 {[#]} 35.
Kd4 Ne8 {Damit ist der Bauer d4 bereits so gut wie erobert.} 36. Rc2 (36. Bc4
Nc7) 36... Rxd5+ 37. Ke3 Ra5 {Auch der Bauer a3 ist schwach.} 38. Rc3 Nd6 39.
Ne4 Nxe4 (39... Nf5+ $5 40. Kf2 Be6 41. Nd2 Ke7 $17) 40. Bxe4 {Nach dem
Springertausch ist der a3 zumindest auf den dunklen Feldern erst einmal sicher.
} g5 41. f4 Ra4 42. g3 g4 (42... gxf4+ $5 43. gxf4 h4) 43. Bf5 Ra5 44. Bc8 Bd5
45. h3 h4 {Schwarz geht am Königsflügel forsch zu Sache.} 46. Bxg4 hxg3 47.
Bf3 Be6 48. Bg2 Rc5 49. Rd3 Bf5 50. Rb3 Bc2 51. Rb4 Ke7 52. h4 b5 53. Kf3 Rc3+
54. Kg4 Bd1+ 55. Kh3 f5 56. Bb7 $2 (56. h5 $5 {mit der Idee, ein paar Bauern
vom Brett zu befördern:} Bxh5 57. a4 Bg4+ 58. Kh4 Rc4 59. Rxb5 Rxa4 60. Kxg3)
56... Be2 57. a4 a5 58. Rb2 Bg4+ 59. Kg2 {[#]} bxa4 {Die Schlacht ist
geschlagen. Der schwarze Freibauer am Damenflügel entscheidet, eigentlich...}
(59... b4 $19 {ist klarer, mit dem einfachen Plan:} 60. Z0 b3 61. Rb1 Kd6 62.
Z0 Kc5 63. Z0 Kb4) 60. Rb5 Rb3 61. Re5+ Kd6 62. Ba8 a3 63. Rxa5 Rd3 64. Bb7 Bd1
65. Ba6 Rc3 66. Bb7 {[#]} Bc2 $2 (66... Kc7 {gewann forciert:} 67. Bd5 Kb6 68.
Ra8 Rd3 69. Be6 Bf3+) 67. h5 Bb3 68. Rxa3 (68. h6 $1 {erzwingt auf fast
studienhafte Weise den Übergang ins Endspiel Turm und Läufer gegen Turm:} Rc7
69. Ra6+ Kc5 70. Rxa3 Rxb7 71. Kxg3 {Weiß droht nun Kg3-h4-g5, gewinnt dann
den f5 oder droht mit dem h6 vorzugehen:} Bg8 72. Ra5+ Kd4 73. Rxf5) 68... Bd5+
69. Bxd5 Rxa3 70. Bf3 Kc5 $2 (70... Ke6 71. h6 Ra7 72. Kxg3 Rh7 $17) 71. h6 (
71. Bb7 {bietet gute Remischancen:} Ra7 72. Bc8 Rf7 73. Kxg3 Rf8 74. Ba6 Kd5
75. Kh4 Ke6 76. Bc4+ Kf6 77. h6 {und nach} Kg6 78. h7 Kxh7 (78... Rh8 79. Bg8
$11) 79. Kg5 {ist der f-Bauer nicht zu halten.}) 71... Ra6 72. Bb7 Rxh6 73.
Kxg3 Kd4 74. Kf3 Rh3+ (74... Rh3+ {Weiß gab auf. Aber gewinnen kann Schwarz
das nach} 75. Kf2 {nicht, denn sie kommt nicht an den f-Bauern ran.} Rb3 76.
Bg2 Rb2+ 77. Kf3 Rc2 78. Bh1 Rc3+ 79. Kf2 {usw.}) 0-1